000 00541 a2200193 4500
001 62222
005 20260407155916.0
008 260407a arg spa d
003 AR-UNSa-BCEJYS
040 _aAR-UNSa-BCEJYS
_bspa
_cAR-UNSa-BCEJYS
080 _a349.42
_xDerecho agrario
245 1 0 _aEmpresa agraria
_pAspectos jurídicos, económicos y sociológicos
264 1 _aRosario :
_bOrbir
300 _a249 p.
_c21 cm.
041 _aspa
942 _cBK
590 _aniveau_biblio:m niveau_hierar:0
100 1 _aChiappini, Julio O.
999 _c7613
_d7613